Culture Générale - Série 2031 - Statistiques

Statistiques générales
  • Ce quiz a été pris 110 fois
  • Le résultat moyen est 6 sur 10
Statistiques - réponses
Question Réponse % Correct
Quel animal marin est appelé "châtaigne de mer" ? oursin
85%
Logement aménagé dans un ancien atelier, entrepôt, voire une usine loft
81%
Voie de circulation et de stationnement des avions dans un aéroport. tarmac
72%
Nom donné aux divisions du Coran, qui sont rangées non dans l'ordre chronologique mais d'après leur longueur. surate
69%
Dans quel pays européen se trouve la ville de Lérida ? Espagne
68%
Contenu d'un bol, quand il s'agit d'un liquide. bolée
59%
Dans le corps humain, qu'est-ce qu'un scalène ? muscle
43%
On lui doit l'invention du stéthoscope René Laennec
35%
Dans quel département français se trouve la ville de Chelles ? Seine et Marne
35%
Jupe plissée traditionnelle de certaines régions des Balkans, notamment en Albanie et en Grèce - voir photo fustanelle
7%
Aucun quiz correspondant
Distribution des résultats
% des personnes avec chaque résultat
Percentile par nombre de réponses
Votre historique - résultats
Vous n’avez pas pris ce quiz